Turkey Euro 2021 Squad - Statistics

General Stats
  • This quiz has been taken 39 times
  • The average score is 17 of 26
Answer Stats
Position Club Player % Correct
DF Leicester City Caglar Soyuncu
100%
DF Juventus Merih Demiral
100%
FW LOSC Lille Burak Yilmaz
93%
DF Liverpool Ozan Kabak
93%
MF AC Milan Hakan Calhanoglu
87%
DF Besiktas Ridvan Yilmaz
87%
DF LOSC Lille Zeki Celik
77%
GK Fenerbahce Altay Bayindir
73%
FW Leicester City Cengiz Under
73%
MF West Bromwich Albion Okay Yokuslu
73%
GK Trabzonspor Ugurcan Cakir
73%
MF LOSC Lille Yusuf Yazici
73%
MF Fenerbahce Irfan Can Kahveci
67%
GK Istanbul Basaksehir Mert Gunok
67%
FW Getafe CF Enes Unal
63%
DF Sassuolo Kaan Ayhan
60%
DF Sassuolo Mert Muldur
60%
FW Galatasaray Muhammed Kerem Akturkoglu
57%
MF Feyenoord Orkun Kokcu
57%
MF Fenerbahce Ozan Tufan
53%
FW Trabzonspor Abdulkadir Omur
43%
FW Galatasaray Halil Ibrahim Dervisoglu
40%
MF Galatasaray Taylan Antalya
40%
FW Alanyaspor Efecan Karaca
37%
DF Le Havre Cengiz Umut Meras
33%
MF Besiktas Dorukhan Tokoz
30%
No matching quizzes found
Score Distribution
Percent of People with Each Score
Percentile by Number Answered
Your Score History
You have not taken this quiz